000 00355 a2200157 4500
001 153008
040 _cEscola São Tomás de Aquino
100 _aJOSÉ, Elias
240 1 0 _aA vida em pequenas doses
_lpor
245 1 0 _aA vida em pequenas doses
300 _a77
362 0 _a2000
440 1 _aGlobal
697 _a*LITERATURA JUVENIL
942 _cBK
999 _c153008
_d153008